| 000 | 00352nam a2200145Ia 4500 | ||
|---|---|---|---|
| 008 | 230312s9999||||xx |||||||||||||| ||und|| | ||
| 020 | _a0-330-51782-9 | ||
| 082 |
_a720.19 _bPER-L |
||
| 100 | _aPericoli;Matteo | ||
| 245 | 0 | _aLondon Unfurled | |
| 260 |
_bPicador _aLondon _c2011 |
||
| 300 | _a100 | ||
| 650 |
_aArchitecture _vArt & Design |
||
| 942 | _cBK | ||
| 999 |
_c11568 _d11568 |
||